00719nam a2200229Ia 4500003000400000005001700004008004100021020002200062040000700084041000800091082002200099100003300121245003600154260003200190300001500222365001400237650001900251906004200270942001200312999001900324952014600343OSt20230412112116.0210423s2017 xx 000 0 und d a978-1-138-62730-7 cAL aeng a530.44 223bFITP aFITZPATRICK (Richard)986793 aPlasma physics: an introduction aBoca RatonbCRC Pressc2017 axi,281bHB b1400cINR aPhysics986794 aan ; introduction ; physics: ; Plasma 2ddccBK c169738d169738 001040708PHYaSACPGbSACPGd2019-01-11eAcademic Book Distributorsg1400.00l0o530.44 FITPpPG016240r2022-08-24 00:00:00w2021-04-26yBK